MARC

LEADER 00000nam0a2200000 4500
001 362558
005 20231102011513.0
035 |a (RuTPU)RU\TPU\retro\19904 
090 |a 362558 
100 |a 20210729d1964 m y0rusy50 ca 
101 0 |a rus 
102 |a RU 
105 |a a z 000ay 
200 1 |a Льды возвращаются  |e фантастический роман  |f А. П. Казанцев 
210 |a Москва  |c Советская Россия  |d 1964 
215 |a 480 с.  |c ил. 
316 |5 63413507: У-1/27  |a Авторский экземпляр с редакторской правкой 
316 |5 63413507: У-1/27  |a С автографом автора. На обложке дарственная надпись: "ТПИ. А. Казанцев 3-3-71" 
317 |5 63413507: У-1/27  |a Поступил в НТБ в дар от А. П. Казанцева 
606 1 |a Русская литература современная  |2 stltpush  |3 (RuTPU)RU\TPU\subj\26373  |9 50316 
610 1 |a Коллекция А. П. Казанцева 
610 1 |a дары библиотеке 
610 1 |a дары автора 
610 1 |a дарственные надписи 
610 1 |a выпускники ТТИ 
610 1 |a художественная литература 
610 1 |a фантастика 
610 1 |a фантастические романы 
675 |a Р2  |v 4 
700 1 |a Казанцев  |b А. П.  |c русский советский писатель-фантаст  |c член Союза писателей СССР  |c выпускник механического факультета ТТИ 1930 г.  |f 1906-2002  |g Александр Петрович  |2 stltpush  |3 (RuTPU)RU\TPU\pers\15808 
801 1 |a RU  |b 63413507  |c 20210729 
801 2 |a RU  |b 63413507  |c 20210729  |g RCR 
942 |c BK